The Comedy of errors

Bibliographic Details
Main Author: Shakespeare, William
Other Authors: Foakes, R.A
Format: Book
Published: London : Routledge , 1993
Series:The Arden Shakespeare
Subjects:

MARC

LEADER 00000cam a2200000 7i4500
001 0000001653
002 000001803
005 20000330.0
020 |a 0415027497 
090 0 0 |a 822.33   |b SHA 
100 1 |a Shakespeare, William 
245 1 4 |a The Comedy of errors   |c William Shakespeare ; edited by R.A. Foakes 
260 |a London :   |b Routledge ,   |c 1993 
300 |a 117 p. ;   |c 20 cm. 
490 0 |a The Arden Shakespeare 
650 0 0 |a Thhe comedy of errors   |x Drama 
700 1 |a Foakes, R.A 
999 |a 034064   |b BUKU   |c PINJAMAN   |e PERPUSTAKAAN KOMUNITI PETALING JAYA